[Event "CCT Play-in Chessable Masters 2024"]
[Site "Online"]
[Date "2024.01.31"]
[Round "7"]
[White "Safarli, Eltaj"]
[Black "Mileo, Miguelito"]
[Result "1-0"]
[WhiteElo "2604"]
[BlackElo "1721"]
[Annotator "RC"]
[PlyCount "127"]
[EventDate "2024.01.26"]
[EventType "swiss"]
[EventCountry "NET"]
[SourceTitle "playchess.com"]
[Source "ChessBase"]
[SourceQuality "1"]

1. e4 e5 2. Nf3 Nc6 3. Bb5 Nf6 4. O-O Nxe4 5. d4 Nd6 6. Ba4 e4 7. Ne5 Be7 8. Nc3 O-O 9. Re1 f5 10. Bb3+ Kh8 11. Bf4 Qe8 12. Nd5 Bd8 13. a4 Ne7 14. Ra3 Nxd5 15. Bxd5 g5 16. Bc1 Bf6 17. f4 g4 18. Ba2 h5 19. c4 Kg7 20. c5 Nf7 21. b4 Nh8 22. Nc4 Ng6 23. d5 d6 24. cxd6 cxd6 25. Nxd6 Qd8 26. Nc4 Bd7 27. Be3 b6 28. Qd2 Rc8 29. a5 b5 30. Ne5 Nxe5 31. fxe5 Bxe5 32. Bh6+ Kg6 33. Bxf8 Qxf8 34. d6 Qxd6 35. Qxd6+ Bxd6 36. Rb1 Kf6 37. g3 Be6 38. Bxe6 Kxe6 39. a6 Bc7 40. Kf1 Bb6 41. Ra2 Ke5 42. Rd2 Bd4 43. Ke2 Rc4 44. Ra2 Bb6 45. Rd2 e3 46. Ra2 h4 47. Kd3 Rd4+ 48. Ke2 f4 49. gxf4+ Rxf4 50. Kd3 Rf3 51. Rc2 e2+ 52. Kxe2 Rf2+ 53. Kd3 Rxc2 54. Kxc2 g3 55. hxg3 hxg3 56. Re1+ Kf5 57. Re2 Kf4 58. Kd3 Kf3 59. Re6 Bc7 60. Re7 Bb8 61. Rb7 Be5 62. Rf7+ Kg4 63. Ke4 g2 64. Kxe5 1-0

[Event "CCT Play-in Chessable Masters 2024"]
[Site "Online"]
[Date "2024.01.31"]
[Round "7"]
[White "Kravtsiv, Martyn"]
[Black "Samunenkov, Ihor"]
[Result "1-0"]
[WhiteElo "2598"]
[BlackElo "2533"]
[Annotator "RC"]
[PlyCount "111"]
[EventDate "2024.01.26"]
[EventType "swiss"]
[EventCountry "NET"]
[SourceTitle "playchess.com"]
[Source "ChessBase"]
[SourceQuality "1"]

1. e4 c6 2. Nf3 d5 3. d3 dxe4 4. dxe4 Qxd1+ 5. Kxd1 Nf6 6. Nfd2 g5 7. Nc3 Nbd7 8. a4 b6 9. Nc4 Rg8 10. h4 h6 11. hxg5 hxg5 12. Ke1 Ba6 13. f3 e6 14. Be3 Bxc4 15. Bxc4 Bc5 16. Bxc5 bxc5 17. Be2 Rb8 18. b3 a5 19. Nd1 Ne5 20. Ne3 Ke7 21. Rd1 Rb4 22. Kf2 Rd4 23. c3 Rxd1 24. Rxd1 Rb8 25. Rb1 Ne8 26. Ke1 Nd6 27. Kd2 f5 28. exf5 exf5 29. Kc2 f4 30. Ng4 Nxg4 31. fxg4 Nf7 32. Rh1 Rh8 33. Rxh8 Nxh8 34. b4 cxb4 35. cxb4 axb4 36. Kb3 c5 37. a5 Kd6 38. Bf3 Kc7 39. Kc4 Ng6 40. Kxc5 b3 41. a6 b2 42. Be4 Ne5 43. a7 Nd7+ 44. Kd4 b1=Q 45. Bxb1 Kb7 46. Bf5 Nb6 47. Ke5 Kxa7 48. Kf6 Kb8 49. Kxg5 Nd5 50. Be4 Ne7 51. Kf6 Ng8+ 52. Kg7 Ne7 53. g5 Kc7 54. g6 Kd6 55. Kf7 Nxg6 56. Kxg6 1-0

[Event "CCT Play-in Chessable Masters 2024"]
[Site "Online"]
[Date "2024.01.31"]
[Round "7"]
[White "rasmussvane"]
[Black "evgchess5"]
[Result "1/2-1/2"]
[WhiteElo "2597"]
[BlackElo "2691"]
[Annotator "TA"]
[PlyCount "61"]
[EventDate "2024.01.26"]
[EventType "swiss"]
[EventCountry "NET"]
[SourceTitle "playchess.com"]
[Source "ChessBase"]
[SourceQuality "1"]

1. Nf3 c5 2. c4 Nc6 3. Nc3 Nf6 4. e3 e6 5. d4 d5 6. a3 dxc4 7. Bxc4 a6 8. Bd3 cxd4 9. exd4 Be7 10. O-O O-O 11. Bc2 b5 12. Bg5 Bb7 13. Qd3 g6 14. Rfd1 Rc8 15. Bb3 Na5 16. Ba2 Nc4 17. Bxc4 bxc4 18. Qe2 Nd5 19. Bh6 Nxc3 20. bxc3 Re8 21. Bf4 Bd5 22. Ne5 Rb8 23. Nxc4 Rc8 24. Ne3 Rxc3 25. Qxa6 Bb3 26. Rd2 Qa8 27. Qxa8 Rxa8 28. d5 Bxd5 29. Nxd5 exd5 30. Rxd5 Rcxa3 31. Rxa3 1/2-1/2

[Event "CCT Play-in Chessable Masters 2024"]
[Site "Online"]
[Date "2024.01.31"]
[Round "7"]
[White "Vokhidov, Shamsiddin"]
[Black "LevonAronian"]
[Result "1/2-1/2"]
[WhiteElo "2596"]
[BlackElo "2716"]
[Annotator "TA"]
[PlyCount "61"]
[EventDate "2024.01.26"]
[EventType "swiss"]
[EventCountry "NET"]
[SourceTitle "playchess.com"]
[Source "ChessBase"]
[SourceQuality "1"]

1. e4 e5 2. Nf3 Nc6 3. Bb5 a6 4. Ba4 Nf6 5. O-O Be7 6. Re1 b5 7. Bb3 O-O 8. a4 Bb7 9. d3 d6 10. Bd2 Rb8 11. axb5 axb5 12. Nc3 Bc8 13. Nd5 Nxd5 14. Bxd5 Qd7 15. h3 Bf6 16. Nh2 Ne7 17. Bb3 Ng6 18. Ng4 Bd8 19. Ne3 c6 20. Nf5 Bb6 21. Qg4 d5 22. Red1 Kh8 23. h4 Rg8 24. Qf3 Ne7 25. Nxe7 Qxe7 26. exd5 Qxh4 27. g3 Bg4 28. gxh4 Bxf3 29. Re1 f6 30. dxc6 Rgc8 31. Be3 1/2-1/2

[Event "CCT Play-in Chessable Masters 2024"]
[Site "Online"]
[Date "2024.01.31"]
[Round "7"]
[White "GMBenjaminBok"]
[Black "Antipov, Mikhail Al."]
[Result "1-0"]
[WhiteElo "2594"]
[BlackElo "2604"]
[Annotator "RC"]
[PlyCount "101"]
[EventDate "2024.01.26"]
[EventType "swiss"]
[EventCountry "NET"]
[SourceTitle "playchess.com"]
[Source "ChessBase"]
[SourceQuality "1"]

1. Nf3 c5 2. c4 g6 3. e4 Nc6 4. d4 cxd4 5. Nxd4 Nf6 6. Nc3 d6 7. Be2 Nxd4 8. Qxd4 Bg7 9. O-O O-O 10. Qd3 Nd7 11. Rd1 Nc5 12. Qe3 a5 13. Bd2 a4 14. Rab1 Be6 15. h3 Qb6 16. Nd5 Bxd5 17. exd5 Rfe8 18. Bf1 Bxb2 19. a3 Qb3 20. Qxb3 axb3 21. Rxb2 Rxa3 22. Bb4 Ra2 23. Rdb1 Rxb2 24. Rxb2 b6 25. Bxc5 bxc5 26. Rxb3 Ra8 27. g4 h6 28. Kg2 Ra1 29. h4 Re1 30. Re3 Rxe3 31. fxe3 g5 32. hxg5 hxg5 33. Kf3 Kg7 34. Ke4 Kf6 35. Bd3 e6 36. Bc2 Ke7 37. Ba4 Kd8 38. Bc6 Ke7 39. dxe6 fxe6 40. Kd3 Kf6 41. e4 Ke5 42. Bd7 Kf6 43. Kc3 Ke5 44. Kb3 Kxe4 45. Bxe6 Ke5 46. Bc8 Kd4 47. Bf5 Ke3 48. Ka4 Kd4 49. Kb5 d5 50. Be6 dxc4 51. Bxc4 1-0

[Event "CCT Play-in Chessable Masters 2024"]
[Site "Online"]
[Date "2024.01.31"]
[Round "7"]
[White "frederiksvane"]
[Black "Janosik, Gyorgy"]
[Result "1-0"]
[WhiteElo "2591"]
[BlackElo "2235"]
[Annotator "RC"]
[PlyCount "79"]
[EventDate "2024.01.26"]
[EventType "swiss"]
[EventCountry "NET"]
[SourceTitle "playchess.com"]
[Source "ChessBase"]
[SourceQuality "1"]

1. e4 e5 2. Nf3 Nc6 3. Bc4 Bc5 4. c3 Nf6 5. d3 d6 6. O-O a6 7. Nbd2 Ba7 8. Re1 Na5 9. Bb3 Nxb3 10. axb3 O-O 11. Nf1 h6 12. Ng3 Re8 13. h3 d5 14. exd5 Qxd5 15. Be3 Bd7 16. Bxa7 Rxa7 17. b4 Raa8 18. Re3 Qd6 19. Qe1 Bc6 20. Nxe5 Nd5 21. Nf5 Qf6 22. Nxc6 Nxe3 23. Nce7+ Kh7 24. Qxe3 Qg5 25. Qxg5 hxg5 26. Nd5 Re5 27. Nfe3 Rd8 28. Ra5 c6 29. d4 Rexd5 30. Nxd5 Rxd5 31. Rxd5 cxd5 32. Kf1 Kg6 33. Ke2 Kf5 34. Kd3 b5 35. b3 Ke6 36. c4 g6 37. c5 f6 38. Ke3 Ke7 39. Kf3 Ke6 40. Kg4 1-0

[Event "CCT Play-in Chessable Masters 2024"]
[Site "Online"]
[Date "2024.01.31"]
[Round "7"]
[White "Sereiaza"]
[Black "Dubov, Daniil"]
[Result "0-1"]
[WhiteElo "2590"]
[BlackElo "2708"]
[Annotator "TA"]
[PlyCount "110"]
[EventDate "2024.01.26"]
[EventType "swiss"]
[EventCountry "NET"]
[SourceTitle "playchess.com"]
[Source "ChessBase"]
[SourceQuality "1"]

1. e4 c5 2. Nf3 Nc6 3. d4 cxd4 4. Nxd4 e5 5. Nb5 d6 6. N1c3 Nf6 7. Nd5 Nxd5 8. exd5 Ne7 9. c3 f5 10. Qa4 Kf7 11. Qb3 a6 12. Na3 Ng6 13. Be2 Be7 14. g3 Rf8 15. h4 e4 16. Nc4 b5 17. h5 bxc4 18. hxg6+ hxg6 19. Bxc4 Bd7 20. Be3 Bf6 21. O-O-O Qc7 22. Bb6 Qc8 23. a4 Qe8 24. a5 Ba4 25. Qb4 Bxd1 26. Rxd1 Qd7 27. Bb3 Rab8 28. Ba4 Qe7 29. Qc4 Rxb6 30. axb6 Rb8 31. Qxa6 Qb7 32. Qxb7+ Rxb7 33. Kc2 Rxb6 34. b4 g5 35. Bd7 Rb7 36. Be6+ Kg6 37. Kb3 g4 38. c4 Be5 39. b5 Kf6 40. Kb4 e3 41. fxe3 Bxg3 42. Rf1 g6 43. e4 Bh2 44. exf5 g5 45. c5 dxc5+ 46. Kxc5 Rc7+ 47. Kb4 g3 48. d6 Rc2 49. d7 Rd2 50. Kc3 Rd6 51. Rh1 g2 52. Rxh2 g1=Q 53. Rh6+ Ke5 54. Bc4 Qd4+ 55. Kb4 Rxh6 0-1

[Event "CCT Play-in Chessable Masters 2024"]
[Site "Online"]
[Date "2024.01.31"]
[Round "7"]
[White "Lysyj, Igor"]
[Black "Saric, Ivan"]
[Result "1/2-1/2"]
[WhiteElo "2589"]
[BlackElo "2689"]
[Annotator "TA"]
[PlyCount "73"]
[EventDate "2024.01.26"]
[EventType "swiss"]
[EventCountry "NET"]
[SourceTitle "playchess.com"]
[Source "ChessBase"]
[SourceQuality "1"]

1. d4 Nf6 2. c4 g6 3. Nc3 Bg7 4. e4 d6 5. Nf3 O-O 6. Be2 e5 7. Be3 exd4 8. Nxd4 Re8 9. f3 c6 10. Qd2 d5 11. exd5 cxd5 12. O-O-O Nc6 13. g4 Nxd4 14. Bxd4 dxc4 15. h4 Be6 16. h5 Qe7 17. h6 Bh8 18. Rhe1 Rad8 19. Bxc4 Qc7 20. Bxe6 Rxe6 21. Rxe6 fxe6 22. Qe3 Qc6 23. Qe5 Kf7 24. Qf4 g5 25. Qe3 b5 26. Bxf6 Rxd1+ 27. Kxd1 Bxf6 28. Qd3 Bxc3 29. Qxh7+ Kf8 30. bxc3 Qxf3+ 31. Kc1 Qxc3+ 32. Kb1 Qe1+ 33. Kc2 Qe2+ 34. Kc1 Qe1+ 35. Kc2 Qe2+ 36. Kc1 Qe1+ 37. Kc2 1/2-1/2

[Event "CCT Play-in Chessable Masters 2024"]
[Site "Online"]
[Date "2024.01.31"]
[Round "7"]
[White "Fridman, Daniel"]
[Black "Salgado Lopez, Ivan"]
[Result "1/2-1/2"]
[WhiteElo "2588"]
[BlackElo "2608"]
[Annotator "RC"]
[PlyCount "187"]
[EventDate "2024.01.26"]
[EventType "swiss"]
[EventCountry "NET"]
[SourceTitle "playchess.com"]
[Source "ChessBase"]
[SourceQuality "1"]

1. Nf3 d5 2. g3 Nf6 3. Bg2 e6 4. O-O Be7 5. d4 O-O 6. c4 c6 7. Nc3 Nbd7 8. Qd3 b6 9. cxd5 cxd5 10. Bf4 Bb7 11. Rfc1 Nh5 12. Be5 Nhf6 13. Bf4 Nh5 14. Be5 Nhf6 15. Nb5 Nxe5 16. Nxe5 a6 17. Nc7 Ra7 18. Rc2 Bd6 19. Rac1 Qe7 20. a4 Ne4 21. Qb3 Bb4 22. Nd3 Ba5 23. f3 Nd2 24. Qa2 Nc4 25. Kf2 Qxc7 26. b4 Bxb4 27. Nxb4 a5 28. Nd3 Ba6 29. Bf1 Qe7 30. e3 Qg5 31. Nf4 h6 32. Qb3 Rb7 33. h4 Qf6 34. Nd3 Rfb8 35. Qa2 Qf5 36. Nb2 b5 37. axb5 Bxb5 38. Nxc4 Bxc4 39. Bxc4 dxc4 40. Qxc4 Qh3 41. Qf1 Qf5 42. e4 Qf6 43. Qd3 g6 44. Rc8+ Rxc8 45. Rxc8+ Kg7 46. Ke3 Rb4 47. Qc3 Qe7 48. d5+ e5 49. Qc5 Rb3+ 50. Ke2 Rb2+ 51. Kd3 Qxc5 52. Rxc5 a4 53. d6 Kf6 54. Rd5 Rb8 55. Ra5 Ke6 56. Rxa4 Rb3+ 57. Ke2 Kxd6 58. Ra6+ Ke7 59. h5 gxh5 60. Rxh6 Rb2+ 61. Kf1 f6 62. Rxh5 Ke6 63. Rh8 Rc2 64. Rd8 Rb2 65. Rd1 Rh2 66. Kg1 Ra2 67. Rf1 f5 68. exf5+ Kxf5 69. Re1 Rb2 70. Kf1 Ra2 71. Re2 Ra1+ 72. Kf2 Ra3 73. Rb2 Rc3 74. Kg2 Rd3 75. Rb5 Kf6 76. Kf2 Ra3 77. g4 Rc3 78. Ra5 Rb3 79. Ra8 e4 80. fxe4 Kg5 81. Rf8 Kxg4 82. Ke2 Kg5 83. Rf3 Rxf3 84. Kxf3 Kf6 85. Kf4 Ke6 86. e5 Ke7 87. Kf5 Kf7 88. e6+ Ke7 89. Ke5 Ke8 90. Kd5 Ke7 91. Ke5 Ke8 92. Kf6 Kf8 93. e7+ Ke8 94. Ke6 1/2-1/2

[Event "CCT Play-in Chessable Masters 2024"]
[Site "Online"]
[Date "2024.01.31"]
[Round "7"]
[White "Neiksans, Arturs"]
[Black "Guseinov, Gadir"]
[Result "1/2-1/2"]
[WhiteElo "2588"]
[BlackElo "2636"]
[Annotator "RC"]
[PlyCount "146"]
[EventDate "2024.01.26"]
[EventType "swiss"]
[EventCountry "NET"]
[SourceTitle "playchess.com"]
[Source "ChessBase"]
[SourceQuality "1"]

1. Nf3 g6 2. e4 c5 3. d4 cxd4 4. Nxd4 Nc6 5. c4 Nf6 6. Nc3 Nxd4 7. Qxd4 d6 8. f3 Bg7 9. Be3 O-O 10. Qd2 Be6 11. Rc1 Qa5 12. b3 Rfc8 13. Be2 a6 14. Na4 Qxd2+ 15. Kxd2 Nd7 16. g4 f5 17. exf5 gxf5 18. h3 Rf8 19. Rhd1 fxg4 20. fxg4 Rab8 21. Nc3 Nc5 22. Rf1 Rfc8 23. Bf3 Bf7 24. Nd5 Re8 25. Bg5 Bxd5 26. Bxd5+ e6 27. Bg2 a5 28. Rce1 Be5 29. Bh6 Bg7 30. Be3 Rbd8 31. h4 b6 32. Bg5 Rc8 33. h5 Bb2 34. h6 Ba3 35. Re2 a4 36. Ref2 Rc7 37. Kc2 b5 38. Bf6 bxc4 39. bxc4 Nd7 40. Kd3 Rec8 41. g5 Rxc4 42. Bh3 Kf7 43. Bd4+ Ke8 44. Bxe6 Rxd4+ 45. Kxd4 Bc5+ 46. Kd5 Bxf2 47. Rxf2 Nb6+ 48. Kxd6 Nc4+ 49. Bxc4 Rxc4 50. Re2+ Kf8 51. Rf2+ Kg8 52. Ke6 Rc6+ 53. Ke7 Rc7+ 54. Kd6 Rb7 55. Rf4 Rb6+ 56. Kc5 Rg6 57. Rg4 a3 58. Kb4 Ra6 59. Rg3 Kf7 60. Rxa3 Rb6+ 61. Kc5 Rb2 62. Ra5 Kg6 63. Kc6 Rc2+ 64. Kb6 Rb2+ 65. Kc6 Rc2+ 66. Kb7 Rb2+ 67. Ka7 Kh5 68. Ka8 Kg6 69. a4 Rb4 70. Ka7 Kh5 71. Ka8 Kg6 72. Ka7 Kh5 73. Ka8 Kg6 1/2-1/2

[Event "CCT Play-in Chessable Masters 2024"]
[Site "Online"]
[Date "2024.01.31"]
[Round "7"]
[White "Kovalev, Vladislav"]
[Black "Vaibhav, Suri"]
[Result "1-0"]
[WhiteElo "2579"]
[BlackElo "2596"]
[Annotator "RC"]
[PlyCount "73"]
[EventDate "2024.01.26"]
[EventType "swiss"]
[EventCountry "NET"]
[SourceTitle "playchess.com"]
[Source "ChessBase"]
[SourceQuality "1"]

1. e4 e5 2. Nf3 Nc6 3. Bb5 Nf6 4. O-O Nxe4 5. Re1 Nd6 6. Nxe5 Be7 7. Bf1 Nxe5 8. Rxe5 O-O 9. d4 Bf6 10. Re1 Re8 11. c3 Rxe1 12. Qxe1 Ne8 13. a4 a5 14. Bf4 d5 15. Nd2 Bf5 16. Nf3 c6 17. Qe3 g6 18. Re1 Ng7 19. Ne5 Qb6 20. g4 Be6 21. Qf3 Re8 22. Bh6 Qd8 23. Qf4 Be7 24. Bd3 Bd6 25. Bg5 Be7 26. Bxe7 Qxe7 27. Nf3 f6 28. h4 Qd7 29. Nh2 Bf7 30. Rxe8+ Nxe8 31. g5 Qe7 32. Ng4 Kg7 33. Kf1 Be6 34. Qe3 Kf7 35. Nh6+ Kf8 36. f4 Nd6 37. Kf2 1-0

[Event "CCT Play-in Chessable Masters 2024"]
[Site "Online"]
[Date "2024.01.31"]
[Round "7"]
[White "baki83"]
[Black "Lupulescu, Constantin"]
[Result "0-1"]
[WhiteElo "2578"]
[BlackElo "2589"]
[Annotator "NA"]
[PlyCount "64"]
[EventDate "2024.01.26"]
[EventType "swiss"]
[EventCountry "NET"]
[SourceTitle "playchess.com"]
[Source "ChessBase"]
[SourceQuality "1"]

1. e4 c5 2. Nf3 e6 3. c3 d5 4. e5 Nc6 5. d4 Bd7 6. Be2 Nge7 7. O-O Nf5 8. dxc5 a5 9. Bd3 Bxc5 10. a4 O-O 11. Na3 h6 12. Bxf5 exf5 13. Nb5 Be6 14. h4 Qb6 15. Qd3 Rad8 16. Nbd4 Nxd4 17. Nxd4 Bxd4 18. cxd4 Rc8 19. b3 Rc6 20. Bd2 Rfc8 21. Qb5 Qxd4 22. Bxa5 Qxh4 23. Bd2 Rc2 24. Rac1 Qd4 25. Be3 Qe4 26. Rcd1 Qxe5 27. Bd4 Qe4 28. Qxb7 f4 29. Rfe1 Qg6 30. Qb5 f3 31. g3 Qg4 32. a5 R2c4 0-1

[Event "CCT Play-in Chessable Masters 2024"]
[Site "Online"]
[Date "2024.01.31"]
[Round "7"]
[White "DrVelja"]
[Black "Prohaszka, Peter"]
[Result "1-0"]
[WhiteElo "2575"]
[BlackElo "2578"]
[Annotator "RC"]
[PlyCount "93"]
[EventDate "2024.01.26"]
[EventType "swiss"]
[EventCountry "NET"]
[SourceTitle "playchess.com"]
[Source "ChessBase"]
[SourceQuality "1"]

1. e4 c6 2. Nf3 d5 3. Nc3 dxe4 4. Nxe4 Nf6 5. Qe2 Nxe4 6. Qxe4 Be6 7. b3 Nd7 8. Bb2 Nf6 9. Qe2 Bg4 10. O-O-O e6 11. h3 Bxf3 12. Qxf3 Qa5 13. Kb1 Be7 14. g4 Qd5 15. Bg2 Qxf3 16. Bxf3 Rg8 17. g5 Nd5 18. h4 a5 19. Be4 g6 20. c4 Nf4 21. Be5 Nh5 22. d4 f6 23. Bc7 fxg5 24. hxg5 Bxg5 25. d5 exd5 26. cxd5 Bd8 27. Bh2 cxd5 28. Bxd5 Rg7 29. Bd6 Be7 30. Be5 Nf6 31. Bxb7 Rd8 32. Bc6+ Kf8 33. Rxd8+ Bxd8 34. Rd1 Be7 35. Bc3 Rf7 36. Bxa5 Ng4 37. f3 Ne5 38. Bd5 Rf5 39. Be4 Rh5 40. Bc3 Bf6 41. a4 Kf7 42. a5 Rh2 43. a6 Nxf3 44. Bxf6 Nd2+ 45. Rxd2 Rxd2 46. a7 Rd1+ 47. Kc2 1-0

[Event "CCT Play-in Chessable Masters 2024"]
[Site "Online"]
[Date "2024.01.31"]
[Round "7"]
[White "ViIIagra"]
[Black "Lodici, Lorenzo"]
[Result "1-0"]
[WhiteElo "2569"]
[BlackElo "2548"]
[Annotator "RC"]
[PlyCount "157"]
[EventDate "2024.01.26"]
[EventType "swiss"]
[EventCountry "NET"]
[SourceTitle "playchess.com"]
[Source "ChessBase"]
[SourceQuality "1"]

1. d4 Nf6 2. Nc3 d5 3. Bf4 a6 4. e3 b5 5. Nf3 e6 6. Ne5 c5 7. g4 Nfd7 8. a4 Nxe5 9. Bxe5 b4 10. Ne2 Nc6 11. Bg3 Bb7 12. Bg2 Rc8 13. O-O Bd6 14. f4 O-O 15. Kh1 Ne7 16. Ng1 Kh8 17. Nf3 a5 18. Rf2 Ng8 19. Bh4 f6 20. Bg3 Nh6 21. h3 Nf7 22. Qe1 Qe7 23. Rd2 e5 24. Nh4 cxd4 25. Nf5 Qd7 26. fxe5 fxe5 27. exd4 e4 28. Qe3 Bxg3 29. Qxg3 g6 30. Ne3 Qd6 31. Kh2 Kg7 32. Rf1 Qxg3+ 33. Kxg3 Ng5 34. h4 Rxf1 35. Nxf1 Nf7 36. Ne3 Nd6 37. Bf1 Rf8 38. Rf2 Rxf2 39. Kxf2 Bc6 40. b3 g5 41. hxg5 Kg6 42. Be2 Kxg5 43. Kg3 Ne8 44. Ba6 Nd6 45. Be2 Bb7 46. Bb5 Nc8 47. Bd7 Ne7 48. Be8 Bc6 49. Bf7 h6 50. Bh5 Kf6 51. Kf4 Bd7 52. Kg3 Ke6 53. Ng2 Nc6 54. Nf4+ Kd6 55. Ne2 Bc8 56. Kf4 Ba6 57. Ng3 Nxd4 58. Nf5+ Nxf5 59. gxf5 Bc8 60. f6 Be6 61. Ke3 Bf5 62. Bf7 Ke5 63. Bxd5 Kxf6 64. Kd4 Kg5 65. c3 bxc3 66. Kxc3 Kf4 67. b4 axb4+ 68. Kxb4 e3 69. Kc3 Bg4 70. a5 Bf3 71. Bc4 e2 72. Kd2 Kg3 73. Bxe2 Bg2 74. a6 Ba8 75. Ke3 Bc6 76. Bh5 Ba8 77. a7 Bb7 78. Bg6 Bf3 79. Be4 1-0

[Event "CCT Play-in Chessable Masters 2024"]
[Site "Online"]
[Date "2024.01.31"]
[Round "7"]
[White "Le, Tuan Minh"]
[Black "vugarrasulov"]
[Result "1-0"]
[WhiteElo "2567"]
[BlackElo "2588"]
[Annotator "RC"]
[PlyCount "57"]
[EventDate "2024.01.26"]
[EventType "swiss"]
[EventCountry "NET"]
[SourceTitle "playchess.com"]
[Source "ChessBase"]
[SourceQuality "1"]

1. d4 Nf6 2. c4 e6 3. Nf3 c5 4. d5 exd5 5. cxd5 d6 6. Nc3 g6 7. Bf4 a6 8. a4 Bg7 9. h3 O-O 10. e3 Re8 11. Nd2 Nbd7 12. Be2 Nb6 13. Qb3 c4 14. Bxc4 Nh5 15. Bh2 Nd7 16. O-O Nc5 17. Qd1 Qb6 18. Ra2 Bd7 19. Be2 Bxc3 20. bxc3 Nxa4 21. Rxa4 Bxa4 22. Qxa4 Qb2 23. Qd4 Ng7 24. Rb1 Qa2 25. g4 b5 26. c4 bxc4 27. Bxc4 Qc2 28. Bb3 Qc7 29. Ne4 1-0

[Event "CCT Play-in Chessable Masters 2024"]
[Site "Online"]
[Date "2024.01.31"]
[Round "7"]
[White "Lazavik, Denis"]
[Black "Raja Rithvik R"]
[Result "1-0"]
[WhiteElo "2566"]
[BlackElo "2522"]
[Annotator "RC"]
[PlyCount "131"]
[EventDate "2024.01.26"]
[EventType "swiss"]
[EventCountry "NET"]
[SourceTitle "playchess.com"]
[Source "ChessBase"]
[SourceQuality "1"]

1. d4 Nf6 2. c4 e6 3. Nf3 d5 4. Nc3 Bb4 5. Bg5 h6 6. Bxf6 Qxf6 7. e3 O-O 8. Rc1 dxc4 9. Bxc4 c5 10. Qb3 cxd4 11. Qxb4 dxc3 12. Qxc3 Qxc3+ 13. Rxc3 b6 14. Ke2 Ba6 15. Rhc1 Bxc4+ 16. Rxc4 Nd7 17. Nd4 Nf6 18. Nc6 Rfe8 19. e4 Kf8 20. f3 Rec8 21. Ne5 Rxc4 22. Rxc4 Ke7 23. Ke3 Ne8 24. Ra4 Nd6 25. Kd3 a5 26. Rd4 Rc8 27. Kd2 g5 28. b3 Rc5 29. Ng4 h5 30. Ne3 f6 31. Rd3 Nf7 32. Nc4 Ne5 33. Nxe5 Rxe5 34. Rc3 Kd6 35. Rc8 Rc5 36. Rb8 Rc6 37. g3 Kc5 38. a3 Rd6+ 39. Kc3 Kc6 40. Rh8 Rd1 41. Rh6 Rh1 42. Rxf6 Kd6 43. Rg6 Rxh2 44. Rxg5 h4 45. gxh4 Rxh4 46. Kd4 Rh1 47. Rb5 Rd1+ 48. Ke3 Kc6 49. a4 Re1+ 50. Kd4 Rf1 51. Ke5 Rxf3 52. Kxe6 Re3 53. e5 Rf3 54. Ke7 Rh3 55. e6 Rh7+ 56. Kf6 Rh6+ 57. Kf7 Rh7+ 58. Kg6 Rh3 59. Re5 Rg3+ 60. Kf5 Rf3+ 61. Ke4 Rf8 62. e7 Re8 63. Kf5 Kd7 64. Kf6 Rh8 65. Rd5+ Kc6 66. Rd8 1-0

[Event "CCT Play-in Chessable Masters 2024"]
[Site "Online"]
[Date "2024.01.31"]
[Round "7"]
[White "Nasuta, Grzegorz"]
[Black "Lagarde, Maxime"]
[Result "1/2-1/2"]
[WhiteElo "2563"]
[BlackElo "2642"]
[Annotator "RC"]
[PlyCount "218"]
[EventDate "2024.01.26"]
[EventType "swiss"]
[EventCountry "NET"]
[SourceTitle "playchess.com"]
[Source "ChessBase"]
[SourceQuality "1"]

1. e4 c5 2. Nf3 d6 3. d4 cxd4 4. Qxd4 Nf6 5. Nc3 Nc6 6. Qd3 g6 7. Nd5 Bg7 8. c3 Nd7 9. Bg5 h6 10. Bh4 Nc5 11. Qc2 f5 12. exf5 Bxf5 13. Qd1 O-O 14. Bc4 Kh8 15. O-O g5 16. Bg3 e6 17. Ne3 d5 18. Bb5 Be4 19. Nd4 Qb6 20. Bxc6 bxc6 21. b4 Nd3 22. Nxe6 Bxc3 23. Nxf8 Rxf8 24. Qh5 Bg7 25. Rad1 Nf4 26. Bxf4 gxf4 27. Ng4 Kh7 28. a3 f3 29. g3 a5 30. Rfe1 axb4 31. Rxe4 dxe4 32. Nxh6 Qc7 33. Nf7+ Kg8 34. Ng5 Rf6 35. Qh7+ Kf8 36. Qxe4 Kg8 37. Qc4+ Kh8 38. axb4 Qe7 39. Qd3 Bh6 40. Nxf3 Qxb4 41. Ne5 Bg7 42. Kg2 Qc5 43. f4 Re6 44. Qf5 Qe7 45. Rd7 Qe8 46. Qh3+ Kg8 47. Qg4 Re7 48. Rxe7 Qxe7 49. Qc8+ Kh7 50. Qxc6 Qa3 51. Qe4+ Kg8 52. h4 Qb2+ 53. Kh3 Qf2 54. h5 Qf1+ 55. Kg4 Qd1+ 56. Kg5 Qd8+ 57. Kg4 Qd1+ 58. Kh4 Bf6+ 59. Kh3 Qxh5+ 60. Kg2 Bg7 61. Qf3 Qe8 62. Qd5+ Kh7 63. Qd3+ Kg8 64. Qd5+ Kh7 65. Qe4+ Kg8 66. Kf3 Qh5+ 67. Kg2 Qe8 68. Qf5 Qa8+ 69. Kh2 Qa2+ 70. Kh3 Qa1 71. Qe4 Qf1+ 72. Kg4 Qd1+ 73. Qf3 Qd8 74. Qb3+ Kh7 75. Qe6 Qd1+ 76. Kg5 Qg1 77. Qf5+ Kg8 78. Qc8+ Kh7 79. Qh3+ Kg8 80. Qg4 Qb6 81. Qc8+ Kh7 82. Qf5+ Kg8 83. Qg6 Qd8+ 84. Kg4 Qd1+ 85. Kh4 Qh1+ 86. Kg5 Qg1 87. Qf7+ Kh7 88. Qf5+ Kg8 89. Qe6+ Kh7 90. Qh3+ Kg8 91. Ng6 Qc5+ 92. Qf5 Qd6 93. Kg4 Qd1+ 94. Kg5 Qd8+ 95. Kh5 Qd1+ 96. Qg4 Qh1+ 97. Kg5 Bh6+ 98. Kf6 Bg7+ 99. Kg5 Bh6+ 100. Kf6 Bg7+ 101. Ke7 Qb7+ 102. Qd7 Qb4+ 103. Qd6 Qb7+ 104. Kd8 Qa8+ 105. Kd7 Qb7+ 106. Kd8 Qa8+ 107. Ke7 Qb7+ 108. Qd7 Qb4+ 109. Ke8 Qb8+ 1/2-1/2

[Event "CCT Play-in Chessable Masters 2024"]
[Site "Online"]
[Date "2024.01.31"]
[Round "7"]
[White "Khanin, Semen"]
[Black "Bocharov, Dmitry"]
[Result "1/2-1/2"]
[WhiteElo "2558"]
[BlackElo "2513"]
[Annotator "RC"]
[PlyCount "125"]
[EventDate "2024.01.26"]
[EventType "swiss"]
[EventCountry "NET"]
[SourceTitle "playchess.com"]
[Source "ChessBase"]
[SourceQuality "1"]

1. d4 Nf6 2. c4 e6 3. Nc3 Bb4 4. e3 O-O 5. Bd3 d5 6. a3 Bxc3+ 7. bxc3 c6 8. Ne2 b6 9. cxd5 cxd5 10. c4 dxc4 11. Bxc4 Bb7 12. O-O Nc6 13. f3 Rc8 14. Bd3 e5 15. Bb2 exd4 16. Nxd4 Ne5 17. Be2 Nc4 18. Bxc4 Rxc4 19. e4 Bc8 20. Qd2 h6 21. Rad1 Qc7 22. Rc1 Rxc1 23. Rxc1 Qd6 24. Qe3 Re8 25. Nb5 Qd7 26. Nc7 Re7 27. Bxf6 gxf6 28. Qc3 Bb7 29. Qxf6 Qd2 30. Qc3 Rd7 31. Qxd2 Rxd2 32. Nb5 a6 33. Nc3 b5 34. Rd1 Rc2 35. Rd3 Kg7 36. h4 Bc6 37. Nd5 Bxd5 38. exd5 Kf8 39. d6 Ke8 40. Re3+ Kd8 41. Re7 Rc3 42. Rxf7 Rxa3 43. g4 b4 44. g5 hxg5 45. hxg5 b3 46. Kf2 Ra5 47. g6 Rg5 48. g7 b2 49. Rb7 Rxg7 50. Rxb2 Rg6 51. Rb6 a5 52. Ke3 Kd7 53. Rb7+ Kd8 54. Rb6 Kd7 55. Ra6 Rxd6 56. Rxa5 Ke6 57. Ke4 Rb6 58. Re5+ Kf6 59. Rf5+ Kg6 60. Rd5 Kf6 61. Rf5+ Kg6 62. Rd5 Kf6 63. Rf5+ 1/2-1/2

[Event "CCT Play-in Chessable Masters 2024"]
[Site "Online"]
[Date "2024.01.31"]
[Round "7"]
[White "Muradli, Mahammad"]
[Black "BrandonJacobson"]
[Result "1-0"]
[WhiteElo "2555"]
[BlackElo "2428"]
[Annotator "RC"]
[PlyCount "69"]
[EventDate "2024.01.26"]
[EventType "swiss"]
[EventCountry "NET"]
[SourceTitle "playchess.com"]
[Source "ChessBase"]
[SourceQuality "1"]

1. Nf3 d5 2. d4 Nf6 3. c4 e6 4. Nc3 Nbd7 5. cxd5 exd5 6. Bg5 c6 7. e3 h6 8. Bh4 Be7 9. Bd3 O-O 10. Qc2 Re8 11. Bg3 Nh5 12. Be5 Nhf6 13. Bf4 Nh5 14. O-O Nxf4 15. exf4 Bd6 16. g3 Nf8 17. Rfe1 Be6 18. Re3 Bd7 19. Rae1 Rxe3 20. Rxe3 Qb6 21. Na4 Qa5 22. Ne5 Re8 23. Kg2 Bc8 24. Nxc6 bxc6 25. Rxe8 Bd7 26. Ra8 Qe1 27. Nc5 Bg4 28. f3 Bxf3+ 29. Kxf3 Qh1+ 30. Qg2 Qd1+ 31. Qe2 Qh1+ 32. Ke3 Qg1+ 33. Kf3 Qh1+ 34. Kg4 g6 35. Nd7 1-0